000 01417nam0a22002891 4500
001 rc\4972966
005 20260407135122.0
021 _aRU
_b[66-100952]
035 _a(NLR Aleph) 008977500
090 _a9164428
_c9164428
100 _a20130430d1966 |||y0rusy50 ca
101 0 _arus
102 _aRU
105 _aa z |||||
200 1 _aРекомендации по применению надземной прокладки трубопроводов на газовых и нефтяных промыслах
_fМ-во газовой пром-сти. Всесоюз. науч.-исслед. ин-т по строительству магистр. трубопроводов "ВНИИСТ"
210 _aМосква
_c[Информ. центр Мингазпрома]
_d1966
215 _a157 с.
_cил.
_d19
300 _aНа обороте тит. л. сост.: канд. техн. наук Петров И.П.
606 _aНефтепроводы
_xПрокладка и монтаж
_2psbo
606 _aГазопроводы
_xПрокладка и монтаж
_2psbo
702 1 _aПетров
_bИ.П.
_gИгорь Петрович
_4220
712 0 2 _aВНИИ по строительству магистральных трубопроводов
_3RU\NLR\AUTH\8810003598
_9504477
801 0 _aRU
_bNLR
_gpsbo
801 1 _aRU
_bELAR
_2rusmarc
852 _aNLR
_j67-3/940
942 _cBOOK
980 _aNB